|
|
|
|
| LEADER |
00000nab a2200000 ar4500 |
| 001 |
vtls011623376 |
| 003 |
SK-MaSNL |
| 005 |
20260303082711.0 |
| 008 |
171109c2017 xo wr|p|||||||000 b|slo |
| 038 |
|
|
|a PPPK
|
| 040 |
|
|
|a PPPKCL
|b slo
|c PPPKCL
|e AACR2
|
| 041 |
0 |
|
|a slo
|
| 044 |
|
|
|a xo
|c SK
|
| 080 |
|
|
|a 028.1
|x (437.671)
|2 2011
|
| 245 |
0 |
0 |
|a Pribudli ďalšie knižné domčeky
|
| 500 |
|
|
|a Autor článku nie je uvedený.
|
| 610 |
1 |
7 |
|a Poprad (Slovensko).
|b Mestský úrad
|2 pppkcl
|9 162643
|
| 610 |
2 |
7 |
|a Social Up (občianske združenie)
|2 pppkcl
|9 1088035
|
| 650 |
0 |
7 |
|a kultúra
|2 snkbucl
|9 886
|
| 650 |
0 |
7 |
|a knižné búdky
|2 pppkcl
|9 1088036
|
| 650 |
0 |
7 |
|a podpora čítania
|2 pppkcl
|9 131327
|
| 651 |
|
7 |
|a Poprad (Slovensko)
|2 pppkcl
|9 20155
|
| 773 |
0 |
|
|t Podtatranské noviny
|g Roč. LVII, č. 14 (2017), s. 3
|x 1210-2423
|
| 852 |
|
|
|a PPPK
|b KIS3GCP
|
| 999 |
|
|
|c 1788872
|d 1790802
|